Normal view
MARC view
- Iram Hina
Entry Personal Name
001 - CONTROL NUMBER
- control field: 73182
003 - CONTROL NUMBER IDENTIFIER
- control field: NUST
005 - DATE AND TIME OF LATEST TRANSACTION
- control field: 20210628204959.0
008 - FIXED-LENGTH DATA ELEMENTS
- fixed length control field: 210628|| aca||aabn | a|a d
040 ## - CATALOGING SOURCE
- Original cataloging agency: NUST
- Transcribing agency: NUST
100 ## - HEADING--PERSONAL NAME
- Personal name: Iram Hina
670 ## - SOURCE DATA FOUND
- Source citation: Work cat.: (NUST): Iram Hina , TH-SOF-1775-Multi-modal Emotion Recognition Using Deep Learning Architectures, 2020
